000 01043nam a22003617a 4500
001 0046190
003 KOHA_MİRAKIL
005 20260207003511.0
007 ta
008 140919b2013 tu |||gr||||#0|||0|tur |
020 _a9786055564162(Tk.) 9786055564179
040 _aTR-BiSEU
_btur
_cTR-BiSEU
_erda
041 0 _atur
044 _ctu
050 _aHC498
_b.S58 2013
100 1 _aZabun, Sezgin.
245 1 _aSivas 1844-1845 temettüat defterleri/
_cSezgin Zabun ; Sezgin Zabun.
264 1 _aSivas :
_bBuruciye Yayınları
_c2013
300 _a5 c. ;
_c15 cm.
336 _ametin
_btxt
_2rdacontent
337 _aaracısız
_bn
_2rdamedia
338 _acilt
_bnc
_2rdacarrier
490 1 _aBuruciye Yayınları ;
_vNo.
490 1 _a46.
500 _aKaynakça var.
500 _aDizin var.
650 0 _aEkonomik Gelişim--Türkiye--Sivas--Tarih.
_985085
650 0 _aTahrir defterleri.
_985086
830 1 _aBuruciye Yayınları ;
_vNo.
_985087
830 1 _a46.
_95548
907 _aEdebiyat
942 _2lcc
_cBK
999 _c46156
_d46156